Ученици на времето (Запис номер 483292)
[ съкратено ]
| 000 -Лидер | |
|---|---|
| Контролно поле с фиксирана дължина | nam a22 a 4500 |
| 003 - Код на организацията, давaща контролен номер | |
| Контролно поле | BLK |
| 005 - Дата и час на последна редакция | |
| Контролно поле | 20221201141754.0 |
| 008 - Елементи от данни с фиксирана дължина | |
| fixed length control field | 220822b bu |||||r|||| 00| | bu d |
| 040 ## - Източник на каталожния запис | |
| Идентификатор на билиотеката - собственик на записа | BLK |
| 041 ## - Код за език | |
| Код за езика на текст/звукозапис или на отделно заглавие | Български |
| Код за езика КДБФ | Български |
| 080 ## - УДК | |
| Текстов определител УДК | Италианска литература |
| УДК код - определител по УДК | 821.131.1 |
| УДК определител | -31 |
| УДК - код + определител | 821.131.1-31 |
| 100 ## - Редна дума - Автор | |
| R(LIN) | 1299 |
| Автор | Марота, Джузепе |
| Авторска отговорност | първи автор |
| 139 ## - Редно поле | |
| Редна дума | Марота, Джузепе |
| 245 ## - Сведения за заглавието | |
| Заглавие | Ученици на времето |
| Подзаглавни данни | Роман |
| Редно поле (дума) | Джузепе Марота; прев. от итал. Петър Драгоев. |
| 250 ## - Област на изданието | |
| Сведения за изданието | 2. изд. |
| 257 ## - Страна на издаване | |
| Страна на създаване/издаване | Италия |
| 260 ## - Област на издателските данни | |
| 9 (RLIN) | 209596 |
| Място на издаване, разпространение и проч. | Пловдив |
| Име на издателя, разпространителя и проч. | Христо Г. Данов |
| Година на издаване | 1979 |
| Печатница | Враца : В. Александров |
| Издателство - префикс ISBN | 954-442- |
| 300 ## - Физическа характеристика | |
| Страници | 204 с. |
| Размери/Мащаб | 22 см |
| 380 ## - Жанр | |
| Жанр | Худож. лит. |
| 500 ## - Общи забележки | |
| Забележка | Ориг. загл. Glialunni del tempo. - Съдържа и разкази от същия авт. - 1. изд. 1974 |
| 700 ## - Други автори (авторска отговорност) | |
| 9 (RLIN) | 292737 |
| Лично име | Драгоев, Петър Драгоев |
| Автороска отговорност (Описва отношението между автора и произведението) | прев. от итал. |
| 852 ## - Местоположение | |
| Форматна сигнатура | Цб 102037 |
| Фондова буква | Хранилище |
| 856 ## - Електронен адрес и достъп | |
| Инструкция (цена за достъп) | 0.00 |
| Права за достъп | disable |
| 999 ## - СИСТЕМНИ КОНТРОЛНИ НОМЕРА | |
| Koha biblionumber | 483292 |
| Koha biblioitemnumber | 483292 |
| 942 ## - АРТИКУЛИ | |
| Вид на библиотечния материал | Книги |
| Скрит в OPAC | Не |
| Периодичен библиозапис | Да |
| 944 ## - СЪЗДАВАНЕ И РЕДАКЦИЯ на ЗАПИСА | |
| Създаване/Редакция | Създаване |
| Дата на регистрацията/редакция | 2022-12-01 |
| Служител, извършил регистрацията/редакцията | СТ |
| Код за отписване | Код за изгубен артикул | Източник на класификационната схема | Код за повреда | Коз за рестрикции | Код за отдаване | Артикулен № | Име на библиотеката - собственик | Име на библиотеката, в която се намира в момента | Статус (Текущо местоположение) | Дата на вписване в системата | Местоположение - отдел | Цена в лева | Инвентарен номер | Систематично азбучна сигнатура | Баркод | Цена в евро | Служебен тип на артикула |
|---|---|---|---|---|---|---|---|---|---|---|---|---|---|---|---|---|---|
| Не е изгубен | Universal Decimal Classification | Не е повреден | само за читалня | ползва се в читалня | 914875 | Регионална библиотека "Любен Каравелов" Русе | Регионална библиотека "Любен Каравелов" Русе | Хранилище | 2022-12-02 | Хранилище | 1.50 | 298125 | Цб 102037 | 120000298125 | 0.77 | Книги |